Wireless Power Transmission Using Slayer Exciter Circuit With Tesla Coil (Record no. 66782)

MARC details
000 -LEADER
fixed length control field 00347nam a22001217a 4500
082 ## - DEWEY DECIMAL CLASSIFICATION NUMBER
Classification number R/1EL16
100 ## - MAIN ENTRY--AUTHOR NAME
Personal name Faraz Ahmed Bhurt
-- 16EL63
245 ## - TITLE STATEMENT
Title Wireless Power Transmission Using Slayer Exciter Circuit With Tesla Coil
260 ## - PUBLICATION, DISTRIBUTION, ETC. (IMPRINT)
Place of publication Nawabshah
Name of publisher QUEST
Year of publication 2019
300 ## - PHYSICAL DESCRIPTION
Number of Pages 49P.
700 ## - ADDED ENTRY--PERSONAL NAME
Personal name Department Of Electrical Engineering
942 ## - ADDED ENTRY ELEMENTS (KOHA)
Koha item type Thesis and Dissertation
Holdings
Withdrawn status Lost status Home library Current library Date acquired Full call number Accession Number Koha item type
    Central Library, QUEST, Nawabshah Research Section 07/01/2021 R/1EL16 ELP/55-466 Thesis and Dissertation